Movies Quiz

Random Movies or Animation Quiz

Disney Movies by Any 3 Letters Quiz Stats

 Plays Quiz Updated Aug 22, 2016

Challenge
Share
Tweet
Embed
Score 0/56 Timer 03:00
8 Plays Today
Movie % Correct
Snow White and the Seven Dwarfs
95.9%
Brother Bear
94.7%
Beauty and the Beast
94%
The Princess and the Frog
93.9%
The Little Mermaid
91.8%
The Lion King
89.9%
Meet the Robinsons
89.8%
The Rescuers Down Under
88.7%
The Rescuers
88.1%
The Many Adventures of Winnie the Pooh
87.5%
The Aristocats
87.3%
The Adventures of Ichabod and Mr. Toad
87%
The Sword in the Stone
86.9%
Lady and the Tramp
86.8%
The Jungle Book
86.5%
Sleeping Beauty
86.4%
The Hunchback of Notre Dame
86.3%
Atlantis: The Lost Empire
86%
The Fox and the Hound
85.9%
Home on the Range
85.8%
The Three Caballeros
83.7%
The Great Mouse Detective
82.4%
Winnie the Pooh
82.4%
The Emperor's New Groove
82.1%
The Black Cauldron
81.8%
One Hundred and One Dalmatians
80.5%
Fun and Fancy Free
79.8%
Cinderella
79.1%
Movie % Correct
Alice in Wonderland
72%
Aladdin
71.7%
Oliver & Company
68.2%
Lilo & Stitch
67.7%
Frozen
59.1%
Fantasia 2000
57.6%
Fantasia
57.6%
Mulan
57.1%
Pocahontas
52.4%
Chicken Little
51.9%
Pinocchio
51.5%
Tangled
51.1%
Big Hero 6
45.9%
Dumbo
41.8%
Peter Pan
40.6%
Hercules
40.3%
Bambi
39%
Moana
36.8%
Robin Hood
35.5%
Tarzan
34.8%
Treasure Planet
33.7%
Make Mine Music
27.8%
Wreck-It Ralph
24.3%
Dinosaur
21%
Bolt
20.3%
Zootopia
18.8%
Saludos Amigos
14.8%
Melody Time
14.3%

You're not logged in!

Compare scores with friends on all Sporcle quizzes.
Join for Free
OR
Log In

You Might Also Like...

Show Comments

Extras

Top Quizzes Today


Score Distribution

Your Account Isn't Verified!

In order to create a playlist on Sporcle, you need to verify the email address you used during registration. Go to your Sporcle Settings to finish the process.

Report this User

Report this user for behavior that violates our Community Guidelines.

Details: